| 000 | 00464nam a2200193Ia 4500 | ||
|---|---|---|---|
| 005 | 20240823043014.0 | ||
| 008 | 240823s9999||||xx |||||||||||||| ||und|| | ||
| 041 | _aENGLISH | ||
| 082 | _A346.07 N3 | ||
| 100 | _aRustomji M K | ||
| 245 | 0 | _aLaw and Tax For the Layman | |
| 250 | _a1st | ||
| 260 |
_c1993 _b"IBH,Bombay" |
||
| 500 | _aTRANSFERED | ||
| 650 |
_aManagement _bManagement Studies |
||
| 700 | _a Khorshed R Javeri | ||
| 942 | _cBK | ||
| 999 |
_c209198 _d209198 |
||